000
00278nam a22001217a 4500
040
_c
SK
082
_a
333
100
_a
NA
245
_a
Forest concession management plan of pheapimex fuchan cambodia co., ltd
260
_a
KOMPONG THOM
_b
NA
_c
2002
300
_a
59p.
942
_c
EK
999
_c
9227
_d
9227